000 00537nam a2200205Ia 4500
008 131103s9999 xx 000 0 und d
040 _aLoreto College
041 _aEnglish
082 _a155.4/HUR
_bLCBED/500
100 _aHurlock, Elizabeth B.
245 _aChild development
_cElizabeth B. Hurlock
250 _a6th ed
260 _aNew York
_bMcGraw-Hill
_c1956
300 _axv,703p.
_c 24cm
504 _aIncludes index
650 _aPsychology
651 _aChild Development
850 _aLCBED/155.4/HUR
942 _cBK
999 _c26843
_d77322